000 00608nam a2200229Ia 4500
003 OSt
005 20221007080615.0
006 a|||||r|||| 00| 0
007 ta
008 221006b |||||||| |||| 00| 0 eng d
024 _a15,091
037 _cTextual
040 _aFLL
_cFLL
_beng
041 _2eng
_aeng
082 _aX:93.2.N7, M0
100 _aVerma Pramod Au.
_9400786
245 0 _aWage determination
260 _aNew Delhi
_bWiley Eastern ltd. India
_c1980
300 _aviii,218p
_ccm.
942 _hX:93.2.N7, M0
_cTEXL
_2CC
999 _c1160261
_d1160261